[Event "Match"]
[Site "www.echecsemail.com"]
[Date "2018.11.08"]
[Round "1"]
[White "Guidom"]
[Black "Tonino1"]
[WhiteElo "2100"]
[BlackElo "2120"]
[Result "0-1"]
[Round "1"]
1.e4 d6
2.d4 Ng8f6
3.Bf1d3 c6
4.c3 Qd8c7
5.Bc1g5 g6
6.f4 Bf8g7
7.Ng1f3 O-O
8.O-O Nb8d7
9.Nb1d2 h6
10.Bg5h4 e5
11.fxe5 dxe5
12.Kh1 g5
13.Bh4g3 Nf6h5
14.Bg3xe5 Nd7xe5
15.Nf3xe5 Nh5f4
16.Nd2f3 Nf4xd3
17.Ne5xd3 Bc8e6
18.e5 Be6d5
19.Qd1d2 Qc7e7
20.b3 b6
21.c4 Bd5e6
22.Ra1e1 Ra8d8
23.Qd2e3 Kh8
24.g3 g4
25.Nf3h4 Qe7g5
26.Nd3f4 Be6c8
27.Nh4g6 fxg6
28.d5 cxd5
29.cxd5 Bc8b7
30.Qe3d4 Rf8e8
31.Qd4d3 Kh7
32.e6 Bb7xd5
33.Nf4xd5 Qg5xd5
34.Qd3xd5 Rd8xd5
35.Rf1f7 a5
36.Rf7b7 Rd5d6
37.e7 Bg7d4
38.Kg2 Kg7
39.Re1e4 h5
40.a3 Kf7
41.Re4f4 Bd4f6
{ resign }
0-1

[Event "Match"]
[Site "www.echecsemail.com"]
[Date "2018.11.08"]
[Round "1"]
[White "Apdash"]
[Black "Tonino1"]
[WhiteElo "2320"]
[BlackElo "2120"]
[Result "0-1"]
[Round "1"]
1.e4 d6
2.d4 Ng8f6
3.Nb1c3 c6
4.Bf1c4 Qd8c7
5.h3 g6
6.Ng1f3 e5
7.Nf3g5 d5
8.exd5 cxd5
9.Nc3xd5 Nf6xd5
10.Bc4xd5 Qc7a5
11.c3 Qa5xd5
12.Qd1f3 Qd5xf3
13.Ng5xf3 exd4
14.Nf3xd4 Bc8d7
15.O-O Nb8c6
16.Rf1e1 Kd8
17.Bc1g5 Kc8
18.Bg5f6 Rh8g8
19.Ra1d1 Bf8c5
20.Nd4b3 Bc5b6
21.Re1e2 Kc7
22.Nb3d2 Rg8e8
23.Re2xe8 Ra8xe8
24.b4 Re8e2
25.Bf6h4 Bd7f5
26.Bh4g3 Kc8
27.Nd2c4 Bb6c7
28.Bg3d6 Bf5e6
29.Bd6xc7 Kxc7
30.Nc4e3 Re2xa2
31.b5 Nc6e5
32.f4 Ne5c4
33.Ne3f1 Ra2b2
34.Rd1d4 Rb2xb5
35.g4 Rb5b1
36.Kf2 b5
37.Nf1g3 Nc4d6
38.Rd4d2 Be6c4
39.f5 Rb1c1
40.fxg6 hxg6
41.h4 Rc1xc3
42.h5 gxh5
43.gxh5 Rc3xg3
44.Rd2xd6 Kxd6
45.Kxg3 Bc4d3
{ resign }
0-1

[Event "Tourn. n9976"]
[Site "www.echecsemail.com"]
[Date "2018.11.08"]
[Round "1"]
[White "Tartan"]
[Black "Bigrezi"]
[WhiteElo "2590"]
[BlackElo "2320"]
[Result "1-0"]
[Round "1"]
1.e4 e6
2.d4 d5
3.Nb1c3 Bf8b4
4.e5 Ng8e7
5.a3 Bb4xc3
6.bxc3 b6
7.Qd1g4 O-O
8.Bc1g5 Qd8d7
9.Bf1d3 Bc8a6
10.Bd3xh7 Kxh7
11.Qg4h4 Kg8
12.Bg5xe7 Rf8c8
13.Ng1f3 Qd7a4
14.Kd2 Nb8d7
15.Nf3g5 Nd7f8
16.Be7xf8 { resign }
1-0

[Event "Tourn. n9985"]
[Site "www.echecsemail.com"]
[Date "2018.11.09"]
[Round "1"]
[White "Mitja"]
[Black "Luban"]
[WhiteElo "1920"]
[BlackElo "2050"]
[Result "0-1"]
[Round "1"]
1.d4 d5
2.e3 a6
3.c3 e6
4.Ng1f3 c5
5.dxc5 Bf8xc5
6.b3 Ng8f6
7.Bc1b2 Nb8c6
8.Nf3d4 Bc8d7
9.Nd4xc6 Bd7xc6
10.Nb1d2 O-O
11.Nd2f3 Ra8c8
12.Bf1d3 b5
13.O-O Qd8b6
14.Nf3e5 Bc6b7
15.h3 Bc5xe3
16.Qd1e2 Be3c5
17.Ra1c1 Bc5e7
18.b4 Rf8d8
19.Ne5f3 Nf6e4
20.a3 Be7f6
21.Bd3xe4 dxe4
22.Nf3h2 Bb7d5
23.Kh1 Bd5c4
24.Qe2xe4 Bc4xf1
25.Rc1xf1 Rc8c4
26.Qe4e3 Qb6xe3
27.fxe3 Bf6xc3
{ resign }
0-1

[Event "Tourn. n9994"]
[Site "www.echecsemail.com"]
[Date "2018.11.09"]
[Round "1"]
[White "Mitja"]
[Black "Bojan"]
[WhiteElo "1920"]
[BlackElo "2010"]
[Result "0-1"]
[Round "1"]
1.d4 d5
2.e3 Ng8f6
3.c3 Qd8d6
4.h3 Bc8d7
5.Ng1f3 a6
6.Bf1e2 h6
7.b3 c5
8.dxc5 Qd6xc5
9.Bc1a3 Qc5c6
10.Ba3b2 Nf6e4
11.Nf3d2 Ne4g5
12.Nd2f3 Bd7f5
13.Nb1d2 e6
14.Nf3xg5 hxg5
15.c4 dxc4
16.Be2f3 Qc6c7
17.Nd2xc4 Bf8b4
18.Nc4d2 f6
19.a3 Bb4e7
20.Ra1c1 Nb8c6
21.g4 Bf5g6
22.b4 Ra8d8
23.Qd1b3 Kf7
24.Bf3g2 Qc7b8
25.Bg2xc6 bxc6
26.Rc1xc6 Rd8xd2
27.Qb3xe6 Kf8
28.Rc6c8 Rd2d8
29.Rc8xb8 Rd8xb8
30.Qe6xa6 Bg6e4
31.Rh1h2 Be4f3
32.Qa6a7 Rb8a8
33.Qa7b6 Kf7
34.Qb6d4 Rh8d8
35.Qd4c4 Kf8
36.Bb2d4 Ra8xa3
37.h4 Be7d6
38.Bd4c5 Bd6xc5
39.Qc4xc5 Ke8
40.Qc5b5 Kf8
41.Qb5c5 Kf7
42.Qc5c7 Ke8
{ resign }
0-1

[Event "Tourn. n9975"]
[Site "www.echecsemail.com"]
[Date "2018.11.09"]
[Round "1"]
[White "Drill64"]
[Black "Fabos12"]
[WhiteElo "2139"]
[BlackElo "2010"]
[Result "1-0"]
[Round "1"]
1.e4 e6
2.Ng1f3 Nb8c6
3.d4 d5
4.e5 Bf8e7
5.a3 f6
6.Bf1d3 b6
7.c3 a5
8.Nb1d2 Bc8d7
9.O-O Ra8b8
10.Rf1e1 b5
11.b4 a4
12.Nd2f1 Qd8c8
{ time. }
1-0

[Event "Tourn. n9984"]
[Site "www.echecsemail.com"]
[Date "2018.11.09"]
[Round "1"]
[White "Luban"]
[Black "Apdash"]
[WhiteElo "2050"]
[BlackElo "2260"]
[Result "0-1"]
[Round "1"]
1.d4 Ng8f6
2.c4 g6
3.e3 Bf8g7
4.Nb1c3 O-O
5.Ng1f3 d6
6.h3 a6
7.Bf1d3 Rf8e8
8.O-O Nb8d7
9.Rf1e1 e5
10.d5 e4
11.Bd3e2 exf3
12.Be2xf3 Nd7e5
13.Bf3e2 c5
14.e4 Ra8b8
15.f4 Ne5d7
16.Be2f3 Kh8
17.Bc1e3 b5
18.cxb5 axb5
19.e5 dxe5
20.fxe5 Nd7xe5
21.Be3xc5 b4
22.Nc3a4 Bc8d7
23.d6 Qd8a5
{ resign }
0-1

[Event "Tourn. n9984"]
[Site "www.echecsemail.com"]
[Date "2018.11.09"]
[Round "1"]
[White "Drill64"]
[Black "Apdash"]
[WhiteElo "2169"]
[BlackElo "2260"]
[Result "0-1"]
[Round "1"]
1.Ng1f3 d5
2.c4 d4
3.b4 Bc8g4
4.Qd1b3 Bg4xf3
5.Qb3xf3 c6
6.d3 e5
7.a3 Ng8f6
8.Bc1g5 Bf8e7
9.Bg5xf6 Be7xf6
10.g3 Nb8d7
11.Bf1g2 O-O
12.O-O g6
13.Nb1d2 Bf6g7
14.Bg2h3 f5
15.Ra1b1 Qd8g5
16.Rf1d1 Nd7b6
17.e3 dxe3
18.fxe3 f4
19.Nd2e4 Qg5h6
20.Bh3e6 Kh8
21.exf4 exf4
22.g4 Ra8e8
23.Ne4c5 Rf8f6
24.Be6d7 Re8e7
25.Rd1e1 Re7xe1
26.Rb1xe1 Rf6f8
27.Re1e8 Bg7d4
28.Kg2 Bd4xc5
29.bxc5 Nb6xd7
30.Re8xf8 Qh6xf8
31.d4 Qf8f7
32.Qf3e4 g5
33.Kf3 Kg7
34.d5 Nd7f6
35.Qe4f5 h6
36.h4 gxh4
37.g5 Qf7h5
{ resign }
0-1

[Event "Tourn. n9978"]
[Site "www.echecsemail.com"]
[Date "2018.11.09"]
[Round "1"]
[White "Julian"]
[Black "Tbsundar"]
[WhiteElo "1710"]
[BlackElo "1880"]
[Result "0-1"]
[Round "1"]
1.e4 e5
2.Ng1f3 Nb8c6
3.Bf1b5 a6
4.Bb5a4 Ng8f6
5.d3 b5
6.Ba4b3 Bf8b4
7.c3 Bb4a5
8.O-O d6
9.Bc1g5 h6
10.Bg5h4 g5
11.Bh4g3 Bc8g4
 { time }
0-1

[Event "Match"]
[Site "www.echecsemail.com"]
[Date "2018.11.09"]
[Round "1"]
[White "Whitekknight"]
[Black "Apdash"]
[WhiteElo "1850"]
[BlackElo "2320"]
[Result "0-1"]
[Round "1"]
1.e4 e6
2.d4 c5
3.Ng1f3 cxd4
4.Nf3xd4 Nb8c6
5.Nd4xc6 bxc6
6.Nb1c3 d5
7.exd5 exd5
8.Bf1e2 Bf8b4
9.Bc1d2 Ng8f6
10.a3 Bb4c5
11.O-O O-O
12.Bd2g5 Qd8d6
13.h3 Bc5b6
14.g3 Qd6xg3
15.Kh1 Qg3xh3
16.Kg1 Qh3g3
{ resign }
0-1

[Event "Match"]
[Site "www.echecsemail.com"]
[Date "2018.11.09"]
[Round "1"]
[White "Jovaras"]
[Black "Guidom"]
[WhiteElo "2140"]
[BlackElo "2130"]
[Result "0-1"]
[Round "1"]
1.e4 e5
2.Ng1f3 Nb8c6
3.Bf1b5 a6
4.Bb5a4 Ng8f6
5.O-O d6
6.d4 b5
7.Ba4b3 Bc8g4
8.d5 Nc6d4
9.Nb1d2 Bg4xf3
10.Nd2xf3 Nd4xb3
11.axb3 Nf6xe4
12.Qd1d3 Ne4c5
13.Qd3e2 Bf8e7
14.Bc1e3 Nc5d7
15.c4 bxc4
16.bxc4 O-O
17.b3 f5
18.Ra1a2 e4
19.Nf3d4 Qd8e8
20.Nd4e6 Be7f6
21.Ne6xc7 Qe8g6
22.Nc7xa8 Rf8xa8
23.Qe2d2 Nd7e5
24.Kh1 Ne5g4
25.Be3d4 Bf6g5
26.Qd2e2 Bg5f4
27.h3 Bf4e5
28.Bd4xe5 Ng4xe5
29.Rf1a1 f4
30.f3 exf3
31.gxf3 Qg6f5
32.Qe2g2 Ne5g6
33.Ra2xa6 Ra8xa6
34.Ra1xa6 Ng6h4
35.Qg2f1 Qf5c2
36.Ra6xd6 Nh4f5
37.Rd6d8 Kf7
38.Qf1g2 Nf5g3
39.Kh2 Ng3f1
40.Kg1 Nf1d2
41.Rd8d7 Ke8
42.Rd7xg7 Qc2d1
43.Kh2 Nd2xf3
44.Qg2xf3 Qd1xf3
45.b4 Qf3e2
{ resign }
0-1

[Event "Tourn. n9977"]
[Site "www.echecsemail.com"]
[Date "2018.11.09"]
[Round "1"]
[White "Fabos12"]
[Black "Osopanda"]
[WhiteElo "2010"]
[BlackElo "1850"]
[Result "1-0"]
[Round "1"]
1.d4 d5
2.Ng1f3 e6
3.Bc1f4 Bf8d6
4.Bf4g5 f6
5.Bg5h4 Ng8e7
6.Nb1d2 O-O
7.e4 dxe4
8.Nd2xe4  { time }
1-0

[Event "Tourn. n9969"]
[Site "www.echecsemail.com"]
[Date "2018.11.09"]
[Round "1"]
[White "Cal"]
[Black "Drill64"]
[WhiteElo "1740"]
[BlackElo "1849"]
[Result "0-1"]
[Round "1"]
1.c4 Ng8f6
2.Nb1c3 e6
3.h3 c5
4.d3 d5
5.cxd5 Nf6xd5
6.Bc1d2 Nb8c6
7.e4 Nd5c7
8.a3 Bf8e7
9.Ng1f3 O-O
10.b3 b6
11.Bf1e2 Bc8b7
12.O-O Be7f6
13.Qd1c2 Ra8c8
14.Ra1d1 Qd8e7
15.Nf3h2 Nc6d4
16.Be2g4 Rc8d8
17.Qc2b2 Bb7a6
18.Rf1e1 Ba6xd3
19.Re1e3 Bd3c2
20.Rd1e1 Bc2xb3
21.e5 Bf6g5
22.Re3d3 Bb3c4
23.Rd3g3 Bg5xd2
24.Re1e4 Bd2xc3
25.Qb2xc3 Bc4d5
26.Re4f4 Bd5a8
27.Nh2f1 Nc7d5
28.Qc3d2 Nd5xf4
29.Qd2xf4 f6
30.Bg4h5 Rd8d5
31.Nf1e3 Rd5xe5
32.Kh2 Re5xh5
33.Rg3g4 e5
34.Qf4g3 f5
35.Ne3c4 fxg4
36.Qg3xg4 Rf8xf2
37.Qg4xh5 Rf2xg2
38.Kh1 Rg2g5
{ resign }
0-1

[Event "Tourn. n9934"]
[Site "www.echecsemail.com"]
[Date "2018.11.10"]
[Round "1"]
[White "Jazzy"]
[Black "Piriot"]
[WhiteElo "2270"]
[BlackElo "2370"]
[Result "1/2-1/2"]
[Round "1"]
1.Ng1f3 Nb8c6
2.d4 d5
3.g3 Bc8f5
4.c3 e6
5.Bf1g2 Ng8f6
6.O-O Bf8d6
7.Nf3h4 Bf5g6
8.Nh4xg6 hxg6
9.Bc1g5 Qd8d7
10.Bg5xf6 gxf6
11.e4 dxe4
12.Bg2xe4 f5
13.Be4g2 e5
14.dxe5 Bd6xe5
15.Qd1xd7 Kxd7
16.Nb1a3 Ra8e8
17.Ra1d1 Be5d6
18.Na3c4 Re8e7
19.Nc4xd6 cxd6
20.Rd1d2 Kc7
21.Rf1d1 Rh8d8
22.f4 Re7d7
23.h4 Nc6e7
24.c4 Ne7g8
25.Kf2 Ng8f6
26.Bg2f3 Rd7e7
27.b3 { draw }
1/2-1/2

[Event "Tourn. n9961"]
[Site "www.echecsemail.com"]
[Date "2018.11.10"]
[Round "1"]
[White "Foxy100"]
[Black "Rons"]
[WhiteElo "2330"]
[BlackElo "2690"]
[Result "1/2-1/2"]
[Round "1"]
1.e4 c5
2.Ng1f3 d6
3.d4 cxd4
4.Nf3xd4 Ng8f6
5.Nb1c3 a6
6.Bc1e3 e5
7.Nd4b3 Bc8e6
8.Bf1e2 Bf8e7
9.O-O O-O
10.f3 d5
11.exd5 Nf6xd5
12.Nc3xd5 Be6xd5
13.c4 Bd5c6
14.Qd1c2 Nb8d7
15.Ra1d1 Qd8c7
16.Be2d3 g6
17.Bd3e4 Bc6xe4
18.fxe4 Ra8c8
19.Rd1c1 a5
20.g3 b6
21.Qc2e2 Rf8d8
22.Qe2f3 f6
23.Rc1c2 Qc7c6
24.Kg2 Nd7f8
25.Rf1f2 Nf8e6
26.Nb3d2 Rd8d7
27.c5 Rd7d3
28.Qf3e2 Rc8d8
29.Rf2f3 Be7xc5
30.Be3f2 Rd3xf3
31.Nd2xf3 Rd8d6
32.Qe2c4 Kf8
33.a3 a4
34.h4 Qc6c7
35.Qc4xa4 Qc7c8
36.Bf2xc5 Ne6xc5
37.b4 Qc8h3
38.Kxh3 Nc5xa4
39.Kg2 Rd6d3
40.Rc2c8 Ke7
41.Rc8c7 Rd3d7
42.Rc7xd7 Kxd7
43.Nf3d2 h5
44.Kf3 Na4c3
45.g4 hxg4
46.Kxg4 Ke6
47.Kf3 f5
48.exf5 gxf5
49.h5 b5
50.Kf2 Kf6
51.h6 Kg6
52.Nd2f3 e4
53.Nf3h4 Kxh6
54.Nh4xf5 Kg5
55.Nf5e3 Kf4
56.Ne3c2 Kf5
57.Ke1 Ke5
58.Kf2 Nc3d5
59.Ke2 Kf4
60.Ke1 e3
61.Nc2d4 Ke4
62.Nd4b3 Nd5f4
63.Kd1 Kf3
64.Nb3d4 Kf2
65.Kc2 Nf4d5
66.Kd3 Nd5b6
67.Nd4e2 Nb6c4
68.Ne2f4 Nc4xa3
69.Nf4h3 Kg3
70.Nh3g5 Na3c4
71.Ng5e4 Kf4
72.Ne4c3 Nc4e5
73.Ke2 Ne5c6
74.Nc3xb5 Nc6xb4
75.Nb5c3 Nb4c6
76.Nc3d5 { draw }
1/2-1/2

[Event "Tourn. n9968"]
[Site "www.echecsemail.com"]
[Date "2018.11.10"]
[Round "1"]
[White "Coolant"]
[Black "Dougbeer"]
[WhiteElo "2330"]
[BlackElo "2350"]
[Result "0-1"]
[Round "1"]
1.e4 e6
2.d4 d5
3.Nb1d2 Ng8f6
4.e5 Nf6d7
5.Bf1d3 c5
6.c3 Nb8c6
7.Nd2f3 Qd8a5
8.dxc5 Nd7xe5
9.Nf3xe5 Nc6xe5
10.b4 Qa5c7
11.Bd3b5 Bc8d7
12.Bb5xd7 Qc7xd7
13.Ng1f3 Ne5xf3
14.Qd1xf3 Bf8e7
15.O-O O-O
16.Rf1d1 Qd7a4
17.Qf3d3 Rf8c8
18.Bc1e3 a5
19.a3 Be7f6
20.b5 Bf6e7
21.c6 bxc6
22.b6 Rc8b8
23.Rd1b1 Rb8b7
24.Ra1a2 Ra8b8
25.Qd3a6 Be7f6
26.Be3c5 Bf6xc3
27.g3 Bc3b4
28.Rb1xb4 Qa4d1
29.Kg2 axb4
30.axb4 h6
31.Ra2a1 Qd1c2
32.Ra1a2 Qc2e4
33.f3 Qe4f5
34.Qa6a4 Rb7xb6
35.Bc5xb6 Rb8xb6
36.Ra2c2 Rb6a6
37.Qa4xa6 Qf5xc2
38.Kh3 d4
{ resign }
0-1

[Event "Tourn. n9975"]
[Site "www.echecsemail.com"]
[Date "2018.11.10"]
[Round "1"]
[White "Drill64"]
[Black "Apdash"]
[WhiteElo "2119"]
[BlackElo "2230"]
[Result "1/2-1/2"]
[Round "1"]
1.e4 e5
2.Ng1f3 Nb8c6
3.Bf1b5 Ng8e7
4.c3 a6
5.Bb5a4 d6
6.O-O b5
7.Ba4b3 h6
8.d3 Bc8g4
9.Nb1d2 Nc6a5
10.Bb3c2 c5
11.h3 Bg4h5
12.Rf1e1 g5
13.g4 Bh5g6
14.Kg2 Bf8g7
15.Nd2f1 Qd8c7
16.Nf1g3 Na5c6
17.Qd1e2 O-O
18.Bc1e3 Nc6d8
19.Ng3f5 Bg6xf5
20.exf5 f6
21.Re1h1 d5
22.d4 e4
23.Nf3d2 cxd4
24.Be3xd4 Nd8c6
25.Nd2b3 Nc6e5
26.Bd4xe5 Qc7xe5
27.Nb3d4 Rf8c8
28.Nd4e6 Rc8c6
29.Bc2b3 Rc6xe6
30.fxe6 Ne7g6
31.Qe2d2 Ng6f4
32.Kf1 Ra8d8
33.Ra1d1 f5
34.e7 Qe5xe7
35.gxf5 Qe7e5
36.Qd2e3 Qe5xf5
37.Qe3b6 Rd8f8
38.Qb6c5 Rf8d8
39.Qc5b6 Bg7f6
40.Rd1d4 e3
41.Rd4xf4 Qf5xf4
42.Qb6xe3 Qf4f5
43.Kg2 Kg7
44.Qe3f3 Qf5xf3
45.Kxf3 d4
46.cxd4 Rd8xd4
47.Rh1c1 Rd4d7
48.Rc1c2 Rd7d3
49.Kg2 Bf6e5
50.Rc2e2 Kf6
51.Bb3c2 Rd3d6
52.b3 b4
53.Bc2e4 h5
54.Re2c2 Be5c3
55.Be4f3 Kg6
56.Bf3e2 { draw }
1/2-1/2

[Event "Tourn. n9983"]
[Site "www.echecsemail.com"]
[Date "2018.11.10"]
[Round "1"]
[White "Cal"]
[Black "Osopanda"]
[WhiteElo "1770"]
[BlackElo "1830"]
[Result "1-0"]
[Round "1"]
1.Ng1f3 d6
2.d4 Ng8f6
3.h3 Nb8d7
4.Nb1c3 c6
5.e3 e5
6.dxe5 dxe5
7.e4 Bf8b4
8.Bc1d2 O-O
{ time. }
1-0

[Event "Tourn. n9965"]
[Site "www.echecsemail.com"]
[Date "2018.11.10"]
[Round "1"]
[White "Passaroa25"]
[Black "Osopanda"]
[WhiteElo "1670"]
[BlackElo "1810"]
[Result "1-0"]
[Round "1"]
1.Nb1c3 d6
2.d4 Ng8f6
3.f3 c6
4.e4 e5
5.Ng1e2 Bc8e6
6.Ne2g3 Nb8d7
7.d5 cxd5
8.exd5 Be6xd5
9.Nc3xd5 Nf6xd5
10.Qd1xd5 Qd8b6
11.Bf1e2 Nd7f6
12.Be2b5 Nf6d7
13.Bb5xd7 Kxd7
14.Qd5xf7 Bf8e7
15.b3 Ra8f8
{ time. }
1-0

[Event "Tourn. n9973"]
[Site "www.echecsemail.com"]
[Date "2018.11.10"]
[Round "1"]
[White "Julian"]
[Black "Ranjachess"]
[WhiteElo "1730"]
[BlackElo "1810"]
[Result "0-1"]
[Round "1"]
1.e4 e5
2.Ng1f3 d6
3.d4 Ng8f6
4.dxe5 Nf6xe4
5.exd6 Bf8xd6
6.Bf1d3 f5
7.O-O O-O
8.Rf1e1 h6
9.Nb1c3 Bd6b4
10.Bd3xe4 Bb4xc3
11.Be4d5 Kh7
12.bxc3 c6
13.Bd5c4 Qd8xd1
14.Re1xd1 Rf8e8
15.Bc1a3 { time. }
0-1

[Event "Match"]
[Site "www.echecsemail.com"]
[Date "2018.11.10"]
[Round "1"]
[White "Liencam2"]
[Black "Apdash"]
[WhiteElo "2340"]
[BlackElo "2320"]
[Result "1-0"]
[Round "1"]
1.e4 c5
2.Nb1c3 a6
3.Ng1e2 b5
4.g3 Bc8b7
5.Bf1g2 Nb8c6
6.O-O d6
7.d4 cxd4
8.Ne2xd4 Ng8f6
9.Bc1g5 e5
10.Nd4f5 Bf8e7
11.Nf5xg7 Kd7
12.Ng7f5 h6
13.Bg5xf6 Be7xf6
14.Qd1xd6 Ke8
15.Nc3d5 { resign }
1-0

[Event "Match"]
[Site "www.echecsemail.com"]
[Date "2018.11.10"]
[Round "1"]
[White "Ermejo69"]
[Black "Paco"]
[WhiteElo "2200"]
[BlackElo "2020"]
[Result "1-0"]
[Round "1"]
1.d4 d5
2.c4 dxc4
3.Ng1f3 Bc8f5
4.e3 c3
5.Nb1xc3 Ng8f6
6.Qd1b3 e6
7.Qb3xb7 Nb8d7
8.Bf1b5 Bf8d6
9.Bb5c6 O-O
10.Qb7xa8 Qd8xa8
11.Bc6xa8 Rf8xa8
12.O-O c5
13.dxc5 Bd6xc5
14.b3 Bc5b4
15.Bc1b2 Ra8c8
16.Ra1c1 Nd7c5
17.Nc3a4 Nf6e4
18.Na4xc5 Bb4xc5
19.b4 Rc8b8
20.bxc5 Rb8xb2
21.c6 e5
22.c7 Ne4d6
23.Rf1d1 g6
24.Rd1xd6 e4
25.Nf3h4 Bf5e6
26.Rd6xe6 fxe6
27.c8Q { resign }
1-0

[Event "Tourn. n9987"]
[Site "www.echecsemail.com"]
[Date "2018.11.10"]
[Round "1"]
[White "Coolant"]
[Black "Apdash"]
[WhiteElo "2350"]
[BlackElo "2320"]
[Result "1-0"]
[Round "1"]
1.Nb1c3 d5
2.d4 Ng8f6
3.f3 Bc8f5
4.g4 Bf5g6
5.g5 Nf6h5
6.e4 e6
7.Bf1d3 dxe4
8.fxe4 h6
9.h4 Bf8b4
10.Ng1e2 Nb8c6
11.Bc1e3 Bb4xc3
12.bxc3 a6
13.e5 Qd8d5
14.O-O O-O-O
15.Bd3xg6 fxg6
16.Qd1d3 Nc6e7
17.Ne2f4 Nh5g3
18.Nf4xd5 Ne7xd5
19.Rf1f3 Ng3f5
20.Be3f2 hxg5
21.hxg5 Rh8h5
22.Qd3d2 Rd8h8
23.Kf1 Rh5h1
24.Bf2g1 Rh8h2
25.Qd2xh2 Rh1xh2
26.Bg1xh2 Nd5e3
27.Ke2 Ne3d5
28.Rf3xf5 gxf5
29.c4 Nd5c3
30.Kd3 Nc3a4
31.g6 Na4b6
32.Bh2f4 Nb6d7
33.Ra1h1 { resign }
1-0

[Event "Match"]
[Site "www.echecsemail.com"]
[Date "2018.11.10"]
[Round "1"]
[White "Sonny1000"]
[Black "Llord"]
[WhiteElo "1590"]
[BlackElo "1870"]
[Result "0-1"]
[Round "1"]
1.d4 d5
2.Nb1c3 Ng8f6
3.f3 Bc8f5
4.Nc3b5 c6
5.e3 a6
6.Nb5c3 e6
7.h4 h5
8.g4 hxg4
9.fxg4 Bf5xg4
10.Nc3e2 Qd8a5
11.Ne2c3 Bf8b4
12.Bc1d2 Bg4xd1
13.Kxd1 Nf6e4
14.Nc3xe4 dxe4
15.Bf1c4 Bb4xd2
16.c3 Bd2xe3
17.Ng1e2 b5
18.Bc4b3 Nb8d7
19.a4 b4
20.Kc2 c5
21.c4 cxd4
22.Ne2xd4 Be3xd4
23.h5 Qa5f5
24.Ra1f1 Qf5g5
25.Rh1g1 Bd4xg1
26.Kb1 Nd7c5
27.Bb3d1 b3
28.a5 Nc5d3
29.Bd1xb3 Ra8b8
30.Bb3a4 Ke7
31.Ba4c6 Rb8xb2
32.Ka1 Qg5xa5
{ resign }
0-1

[Event "Tourn. n9959"]
[Site "www.echecsemail.com"]
[Date "2018.11.10"]
[Round "1"]
[White "Alcon"]
[Black "Cal"]
[WhiteElo "1709"]
[BlackElo "1710"]
[Result "1-0"]
[Round "1"]
1.e4 e5
2.f4 exf4
3.Ng1f3 d6
4.d4 h6
5.Bc1xf4 Ng8f6
6.Nb1c3 a6
7.Qd1d2 Bc8g4
8.O-O-O Bg4xf3
9.gxf3 Bf8e7
10.Rh1g1 Nb8c6
11.Bf4e3 Qd8d7
12.Rg1xg7 b5
13.Rg7g3 O-O-O
14.Bf1h3 h5
15.Bh3xd7 Nf6xd7
16.Rd1g1 Kb7
17.a4 b4
18.Nc3d5 h4
19.Rg3g7 a5
20.Rg7xf7 Rd8e8
21.Rg1g7 Kc8
22.Nd5xe7 Nc6xe7
23.Rf7xe7 Re8xe7
24.Rg7xe7 Nd7b6
25.b3 h3
26.e5 Rh8d8
27.Qd2d3 d5
28.Qd3a6 Kb8
29.Qa6xa5 Nb6d7
30.Qa5xb4 Kc8
31.e6 Nd7f6
32.Be3f4 Nf6e8
33.Qb4c5 Kb7
34.Re7xc7 Ne8xc7
35.Qc5xc7 { resign }
1-0

[Event "Match"]
[Site "www.echecsemail.com"]
[Date "2018.11.10"]
[Round "1"]
[White "Tonino1"]
[Black "Estonia"]
[WhiteElo "2120"]
[BlackElo "1960"]
[Result "1-0"]
[Round "1"]
1.f4 d5
2.d4 c5
3.e3 Nb8c6
4.c3 cxd4
5.exd4 Ng8f6
6.Bf1d3 Bc8g4
7.Ng1f3 e6
8.O-O Bf8d6
9.h3 Bg4xf3
10.Qd1xf3 Qd8c7
11.Nb1d2 O-O-O
12.Qf3e2 h5
13.Qe2f2 Nc6e7
14.c4 dxc4
15.Nd2xc4 Nf6d5
16.Bc1d2 h4
17.Ra1c1 Kb8
18.Bd2a5 Qc7d7
19.Ba5xd8 Qd7xd8
20.Nc4xd6 Qd8xd6
21.f5 Qd6g3
22.Qf2xg3 hxg3
23.fxe6 fxe6
24.Rf1f7 Ne7c6
25.Rf7xg7 Nc6xd4
26.Rg7xg3 Nd5f4
27.Kf1 Nf4xd3
28.Rg3xd3 e5
29.Rd3xd4 exd4
30.Ke2 Rh8f8
31.Kd3 Rf8f2
32.Rc1c2 Rf2f1
33.Kxd4 b6
34.g4 { resign }
1-0

[Event "Tourn. n9935"]
[Site "www.echecsemail.com"]
[Date "2018.11.10"]
[Round "1"]
[White "Traub"]
[Black "Picifarkinca"]
[WhiteElo "1590"]
[BlackElo "1450"]
[Result "0-1"]
[Round "1"]
1.e4 c6
2.d4 d5
3.Nb1c3 dxe4
4.Nc3xe4 Nb8d7
5.Ng1f3 Ng8f6
6.Ne4g3 e6
7.c4 Qd8c7
8.Bf1d3 e5
9.Ng3e4 Nf6xe4
10.Bd3xe4 Nd7f6
11.Qd1c2 exd4
12.Nf3xd4 Qc7e5
13.O-O Qe5xd4
14.Be4d3 Bf8e7
15.Bc1g5 h6
16.Bg5xf6 Qd4xf6
17.Ra1d1 O-O
18.b3 Bc8e6
19.Bd3e4 Rf8d8
20.Rd1e1 Be7b4
21.Re1e2 Rd8d4
22.c5 Ra8d8
23.f4 Rd4d2
24.Re2xd2 Rd8xd2
25.Qc2b1 Qf6d4
26.Kh1 Bb4xc5
27.f5 Be6d5
28.Be4xd5 Qd4xd5
29.Rf1g1 Bc5xg1
30.Kxg1 Rd2d1
31.Qb1xd1 Qd5xd1
{ resign }
0-1

[Event "Tourn. n9976"]
[Site "www.echecsemail.com"]
[Date "2018.11.10"]
[Round "1"]
[White "Bigrezi"]
[Black "Coolant"]
[WhiteElo "2320"]
[BlackElo "2330"]
[Result "1-0"]
[Round "1"]
1.e4 c5
2.Ng1f3 e6
3.d4 cxd4
4.Nf3xd4 a6
5.Bf1d3 Bf8c5
6.Nd4b3 Bc5a7
7.O-O Qd8f6
8.Nb1c3 Nb8c6
9.Qd1h5 Ng8e7
10.Bc1e3 Ba7xe3
11.fxe3 Qf6g6
12.Qh5c5 O-O
13.Ra1d1 Qg6h6
14.Rf1f3 e5
15.Bd3e2 b5
16.Rf3g3 f5
17.a4 bxa4
18.Nb3a5 Ra8b8
19.Na5xc6 Ne7xc6
20.Be2c4 Kh8
21.Qc5xf8 { resign }
1-0

[Event "Match"]
[Site "www.echecsemail.com"]
[Date "2018.11.11"]
[Round "1"]
[White "Apdash"]
[Black "Logout"]
[WhiteElo "2230"]
[BlackElo "1809"]
[Result "0-1"]
[Round "1"]
1.e4 e5
2.Ng1f3 Nb8c6
3.d4 exd4
4.Nf3xd4 Bf8e7
5.Bf1c4 Ng8f6
6.Nd4xc6 dxc6
7.Qd1e2 O-O
8.O-O b5
9.e5 bxc4
10.exf6 Be7xf6
11.c3 Qd8d3
12.Qe2h5 Qd3f5
13.Qh5e2 Qf5d3
14.Qe2h5 Rf8e8
15.Nb1a3 Ra8b8
16.Qh5c5 Bc8e6
17.Qc5xc6 Bf6e5
18.Qc6f3 Be5xh2
19.Kxh2 Qd3xf1
20.Na3c2 Qf1d3
21.Nc2e3 Rb8b5
22.Qf3f4 Rb5h5
23.Kg1 Be6d5
24.Qf4g4 Rh5e5
25.Ne3xd5 Re5e1
26.Kh2 Qd3xd5
27.a4 Re8e4
28.Qg4c8 Re4e8
29.Qc8g4 Re1e4
30.f4 Qd5e6
31.Qg4g5 Qe6h6
32.Qg5xh6 gxh6
33.f5 Re4e1
34.a5 Re8e5
35.Bc1f4 Re1xa1
36.Bf4xe5 Ra1xa5
37.Be5xc7 Ra5xf5
38.Bc7d6 Rf5b5
39.Bd6a3 Kg7
40.g4 Kg6
41.Kh3 h5
42.Kh4 hxg4
43.Kxg4 h5
44.Kh4 f5
45.Kg3 Kg5
46.Ba3e7 Kg6
47.Be7a3 Rb5b3
48.Kf4 h4
49.Kf3 Rb3xa3
50.bxa3 Kg5
51.a4 a5
52.Kf2 Kf4
53.Kg2 Ke3
54.Kf1 h3
55.Kg1 Ke2
56.Kh2 f4
57.Kxh3 f3
58.Kg3 f2
59.Kf4 f1Q
60.Ke4 Qf1h3
61.Kd4 Qh3e6
62.Kc5 Kd3
63.Kb5 Qe6c8
64.Kxa5 Kxc3
65.Kb5 Kb3
66.a5 c3
67.a6 c2
{ resign }
0-1

[Event "Match"]
[Site "www.echecsemail.com"]
[Date "2018.11.11"]
[Round "1"]
[White "Ketchuplover"]
[Black "Cal"]
[WhiteElo "1980"]
[BlackElo "1740"]
[Result "1-0"]
[Round "1"]
1.Ng1f3 d5
2.e3 a6
3.c4 dxc4
4.Bf1xc4 Bc8g4
5.Nf3e5 e6
6.Ne5xg4 Nb8c6
7.h3 h6
8.O-O Bf8c5
9.d4 Bc5d6
10.Nb1c3 Nc6a5
11.Qd1a4 c6
12.Bc1d2 b5
13.Nc3xb5 axb5
14.Bc4xb5 Ng8e7
15.Bb5d3 f5
16.Ng4h2 O-O
17.f4 Ne7d5
18.b4 Nd5b6
19.Qa4xa5 Ra8xa5
20.bxa5 Nb6a4
21.Rf1c1 Qd8h4
22.Rc1xc6 Bd6b8
23.Rc6xe6 Qh4h5
24.Bd3c4 Bb8a7
25.Re6xh6 { resign }
1-0

[Event "Tourn. n9991"]
[Site "www.echecsemail.com"]
[Date "2018.11.11"]
[Round "1"]
[White "Gandalf50"]
[Black "Fantomas"]
[WhiteElo "2200"]
[BlackElo "2160"]
[Result "1-0"]
[Round "1"]
1.c4 c5
2.Ng1f3 g6
3.Nb1c3 Bf8g7
4.g3 Ng8f6
5.Bf1g2 Nb8c6
6.d4 cxd4
7.Nf3xd4 O-O
8.O-O Nc6xd4
9.Qd1xd4 Ra8b8
10.Qd4xa7 { resign }
1-0

[Event "1/64 Finale"]
[Site "www.chess-mail.com"]
[Date "2018.11.11"]
[Round "1"]
[White "Ranjachess"]
[Black "Odin"]
[WhiteElo "1810"]
[BlackElo "1980"]
[Result "1-0"]
[Round "1"]
1.d4 Ng8f6
2.Bc1f4 Nf6d5
3.Qd1d2 e6
4.a3 b6
5.e4 Nd5xf4
6.Qd2xf4 Bc8b7
7.Ng1f3 Bf8e7
8.Nb1d2 h6
9.h4 d6
10.O-O-O Nb8d7
11.Nd2c4 f6
12.Qf4g4 Rh8g8
13.Qg4xe6 Rg8f8
14.g3 Rf8f7
15.Bf1h3 Nd7f8
16.Qe6f5 g6
17.Qf5f4 g5
18.Qf4f5 c6
19.d5 Bb7c8
20.Qf5xc8 Ra8xc8
21.Bh3xc8 Qd8xc8
22.Nc4e3 g4
23.Nf3d4 f5
24.Ne3xf5 h5
25.Nd4xc6 Nf8g6
26.Nc6xa7 Qc8a6
27.Na7c6 Qa6c4
28.Rh1e1 Be7f6
29.Nf5xd6 { resign }
1-0

[Event "Match"]
[Site "www.echecsemail.com"]
[Date "2018.11.12"]
[Round "1"]
[White "Fantomas"]
[Black "Tonino1"]
[WhiteElo "2120"]
[BlackElo "2180"]
[Result "0-1"]
[Round "1"]
1.e4 d6
2.Ng1f3 Ng8f6
3.Nb1c3 c6
4.h3 e5
5.d4 Qd8c7
6.Bf1c4 b5
7.Bc4d3 g6
8.O-O Bf8g7
9.dxe5 dxe5
10.Bc1g5 O-O
11.Qd1d2 Rf8e8
12.Nc3e2 Bc8e6
13.Bg5h4 a5
14.Bh4g3 Nf6h5
15.Bg3h2 f5
16.Nf3g5 Nb8d7
17.Ng5xe6 Re8xe6
18.exf5 gxf5
19.Bd3xf5 Re6d6
20.Qd2g5 Nh5f6
21.c3 Ra8e8
22.Ra1d1 Nd7f8
23.h4 h6
24.Qg5c1 Rd6xd1
25.Rf1xd1 Nf6d5
26.Ne2g3 Nd5f4
27.Bf5e4 Nf8e6
28.Ng3f5 Nf4e2
{ resign }
0-1

[Event "Match"]
[Site "www.echecsemail.com"]
[Date "2018.11.12"]
[Round "1"]
[White "Tonino1"]
[Black "Guidom"]
[WhiteElo "2230"]
[BlackElo "2070"]
[Result "1/2-1/2"]
[Round "1"]
1.d4 d5
2.Ng1f3 c6
3.e3 Bc8g4
4.Bf1d3 Ng8f6
5.Nb1d2 e6
6.O-O Bf8d6
7.c3 Nb8d7
8.h3 Bg4h5
9.g4 { draw }
1/2-1/2